ბათუმის შოთა რუსთაველის სახელმწიფო უნივერსიტეტის ბიბლიოთეკა

ლექსები (ბიბ.ჩანაწერი № 43546)

000 -LEADER
fixed length control field 00625nam a2200205Ia 4500
001 - CONTROL NUMBER
control field 10277
003 - CONTROL NUMBER IDENTIFIER
control field GE_BSU
008 - FIXED-LENGTH DATA ELEMENTS--GENERAL INFORMATION
fixed length control field 181216s||||||||xx |||||||||||||| ||und||
040 ## - CATALOGING SOURCE
Transcribing agency GE_BSU
080 ## - UNIVERSAL DECIMAL CLASSIFICATION NUMBER
Universal Decimal Classification number 821.353.1–1
100 ## - MAIN ENTRY--PERSONAL NAME
Personal name ტაბიძე,გალაქტიონ
245 ## - TITLE STATEMENT
Title ლექსები
245 ## - TITLE STATEMENT
Statement of responsibility, etc. რედ.ა.გაბესკირია.მხატვ.ვ.გრიგოლია
260 ## - PUBLICATION, DISTRIBUTION, ETC.
Place of publication, distribution, etc. თბილისი
260 ## - PUBLICATION, DISTRIBUTION, ETC.
Name of publisher, distributor, etc. საბლიტგამი
260 ## - PUBLICATION, DISTRIBUTION, ETC.
Date of publication, distribution, etc. 1953
300 ## - PHYSICAL DESCRIPTION
Extent 152გვ.1ფ.პორტრ.20სმ.
653 ## - INDEX TERM--UNCONTROLLED
Uncontrolled term ლექსები
942 ## - ADDED ENTRY ELEMENTS (KOHA)
Koha item type წიგნი
ეგზემპლარები
Withdrawn status Lost status Damaged status Not for loan Date acquired Barcode Date last seen Price effective from Koha item type
        2018-12-17 33900 2018-12-17 2018-12-17 წიგნი
        2018-12-17 33901 2018-12-17 2018-12-17 წიგნი
        2018-12-17 33903 2018-12-17 2018-12-17 წიგნი
        2018-12-17 33904 2018-12-17 2018-12-17 წიგნი
        2018-12-17 33905 2018-12-17 2018-12-17 წიგნი
        2018-12-17 33906 2018-12-17 2018-12-17 წიგნი
        2018-12-17 33907 2018-12-17 2018-12-17 წიგნი
        2018-12-17 33902 2018-12-17 2018-12-17 წიგნი